| 000 | 00314nam a2200109Ia 4500 | ||
|---|---|---|---|
| 005 | 20251222154427.0 | ||
| 008 | 251222s9999||||xx |||||||||||||| ||spa|| | ||
| 082 | _a339.85/V18 | ||
| 100 | _a"Valcárcel C., Marcel, ed." | ||
| 245 | 0 | _aPobreza urbana: Interrelaciones económicas y marginalidad religiosa | |
| 942 | _cLIB | ||
| 999 |
_c36254 _d36254 |
||